000
00290nam a22001097a 4500
008
230620b xxu||||| |||| 00| 0 eng d
082
_a
323
_b
UN 1988
245
_a
A Compilation of International Instruments
260
_a
New York
_b
United Nations
_c
1988
300
_a
VII,416p
942
_2
ddc
_c
BK
999
_c
1744
_d
1744